1086 1570 1863 1587 1591 1691 1107 1033 1985 1638 1545 1504 1130 1395 1145 1460 1566 1244 1366 1064 1540 1981 1835 1017 1053 1768 1076 1279 1754 1405 1640 1129 1894 1634 1206 1217 1453 1393 1212 1106 1065 1865 1145 1349 1819 1797 1619 1664 1301 1773 1995 1253 1188 1736 1056 1667 1715 1264 1675 1759 1367 1952 1482 1498 1913 1290 1260 1355 1189 1850 1932 1368 1047 1507 1244 1216 1821 1597 1785 1085 1365 1604 1918 1074 1048 1352 1440 1627 1351 1210 1399 1207 1596 1522 1901 1077 1982 1892 1640 BCNSPRNW ULIB Ver.6.0+V

เปลี่ยนเป็นภาษาไทย

Change to English
 แสดงรายละเอียดบรรณานุกรม
  กลับหน้าหลัก

Brief Record : Get Marc (ISO 2709) : E-mail record : QR code < ปิดหน้าต่าง
LEADER : 00000nam 2200000uu 4500
001    13399114072
003     ULIB
008    120214s2543||||th 000 0 tha d
020    ^a9748317072
060 04 ^aWA380^bป384ส 2543
245 00 ^aสู่การปฏิรูประบบสุขภาพ สุขภาพในฐานะอุดมการณ์ของมนุษย์ /^cประเวศ วะสี
250    ^aพิมพ์ครั้งที่ 3
260    ^aนนทบุรี :^bสถาบันวิจัยระบบสาธารณสุข,^c2543
710 2  ^aสถาบันวิจัยระบบสาธารณสุข
945    ^p0^l0^i8581
945    ^p0^l0^i9360
945    ^p0^l0^i24088
945    ^p0^l0^i24222
945    ^p0^l0^i12548
945    ^p0^l0^i24223
995    ^aกัณชพร
999 ^a ใช้งานได้ทุกระบบ
รายการนี้ยังไม่มีแท็ก
คุณยังไม่ได้ล็อกอิน คุณสามารถมีกิจกรรมร่วมกับเว็บไซต์ได้ แต่ต้องล็อกอินก่อน ::
  ล็อกอิน

รายการสื่อสารสนเทศ

ลำดับที่ ประเภท เลขเรียก/บาร์โค้ด สถานที่ สถานะ
1. วิทยาศาสตร์การแพทย์ และสุขภาพ
วิทยาศาสตร์การแพทย์ และสุขภาพ
WA380 ป384ส 2543 ฉ.3 
  Barcode: 24088
ห้องสมุดวิทยาเขตสวรรค์ประชารักษ์
►หนังสือทั่วไป
บนชั้น
2. วิทยาศาสตร์การแพทย์ และสุขภาพ
วิทยาศาสตร์การแพทย์ และสุขภาพ
WA380 ป384ส 2543 ฉ.4 
  Barcode: 24222
ห้องสมุดวิทยาเขตสวรรค์ประชารักษ์
►หนังสือทั่วไป
บนชั้น
3. วิทยาศาสตร์การแพทย์ และสุขภาพ
วิทยาศาสตร์การแพทย์ และสุขภาพ
WA380 ป384ส 2543 ฉ.5 
  Barcode: 12548
ห้องสมุดวิทยาเขตสวรรค์ประชารักษ์
►หนังสือทั่วไป
บนชั้น
4. วิทยาศาสตร์การแพทย์ และสุขภาพ
วิทยาศาสตร์การแพทย์ และสุขภาพ
WA380 ป384ส 2543 ฉ.6 
  Barcode: 24223
ห้องสมุดวิทยาเขตสวรรค์ประชารักษ์
►หนังสือทั่วไป
บนชั้น

BibComment


ยังไม่เคยถูกคอมเมนท์

คอมเมนท์ทรัพยากรรายการนี้
  คอมเมนท์: สู่การปฏิรูประบบ..


 Copyright 2026. Bcnsprnw @Library